| 000 | 00777nam a2200217 i 4500 | ||
|---|---|---|---|
| 001 | 186534 | ||
| 003 | SpMaBN | ||
| 005 | 20260525062938.0 | ||
| 008 | 161123s1972 sp |||| | spa d | ||
| 080 | _a1(02)"-00" | ||
| 100 | 1 |
_aCicerón, Marco Tulio. _938748 |
|
| 245 | 1 | 0 |
_aCuestiones académicas / _cMarco Tulio Cicerón ; [traducción del latín, e introducción, por Agustín Millares Carlo]. |
| 260 |
_aMadrid : _bEspasa-Calpe, _c[1972] |
||
| 300 |
_a140 p. ; _c18 cm. |
||
| 490 | 1 |
_aColección austral ; _v1485 |
|
| 650 | 7 |
_aFilosofía- _vObras anteriores a 1800. _9161140 |
|
| 700 | 1 |
_aMillares Carlo, Agustín, _d1893-1980 _981176 |
|
| 830 | 0 |
_aColección austral _v1485 _9177655 |
|
| 852 |
_aES-MaACL _jL-30879 _z. - Donat. Miguel A. Velasco |
||
| 999 |
_c186534 _d186534 |
||